[Event "Cuiaba Contaud op"]
[Site "Cuiaba"]
[Date "2023.11.02"]
[Round "2"]
[White "Possignolo, Andre Trapani Costa"]
[Black "De Camargo, Elisama Yolanda Mio"]
[Result "0-1"]
[WhiteElo "1800"]
[BlackElo "1379"]
[PlyCount "76"]
[EventDate "2023.11.02"]
[EventType "swiss"]
[EventRounds "7"]
[EventCountry "BRA"]
[SourceTitle "CB46_2023"]
[SourceDate "2023.11.15"]
[SourceVersion "1"]
[SourceVersionDate "2023.11.15"]
[SourceQuality "1"]

1. e4 e5 2. Nc3 Nf6 3. f4 Nc6 4. fxe5 Nxe5 5. d4 Ng6 6. e5 Ng8 7. Nf3 Bb4 8. Bd2 N8e7 9. Bc4 h6 10. 0-0 d6 11. Ng5 hxg5 12. Bxf7+ Kd7 13. e6+ Kc6 14. Bxg6 Bxe6 15. Qf3+ d5 16. Bxg5 Qd6 17. Bf4 Qd7 18. Qd3 a6 19. a3 Bd6 20. Na4 b6 21. Qc3+ Kb7 22. Bd3 Qxa4 23. Qd2 Qxd4+ 24. Be3 Bxh2+ 25. Kf2 Qh4+ 26. Ke2 Bg4+ 27. Rf3 Bxf3+ 28. gxf3 Bg3 29. Rf1 Rae8 30. Kd1 Nc6 31. Bg5 Qh2 32. Qc3 Be5 33. Qb3 Qg2 34. Bd2 Rh1 35. Rxh1 Qxh1+ 36. Be1 Bg3 37. Qc3 Rxe1+ 38. Kd2 Bf4# 0-1